00279nam a2200121Ia 4500008004100000082001500041100001600056245002000072250000800092260004100100300000800141650000800149191201s2012 xx 000 0 und d a338.5bMIM aMITTAL,Abha 0aMacro Economics a1st aN. DelhibS Chand and Co. Ltd.c2012 a347 aMBA